[Event "KreisEM Mfr. Mitte"]
[Site "Nürnberg"]
[Date "2018.01.07"]
[Round "6.1"]
[White "Erlbeck, Peter"]
[Black "Adelhütte, Dennis"]
[Result "1-0"]
[WhiteElo "2094"]
[BlackElo "1938"]
[PlyCount "135"]
[EventDate "2018.??.??"]
[WhiteTeam "SW Nürnberg Süd"]
[BlackTeam "SC JÄKLECHEMIE"]

1. e4 e6 2. d4 d5 3. e5 c5 4. c3 Nc6 5. Nf3 Qb6 6. a3 f6 7. Bd3 fxe5 8. dxe5 g6
9. O-O Bg7 10. Re1 c4 11. Bc2 Nge7 12. b3 cxb3 13. Bxb3 O-O 14. c4 Nxe5 15.
Nxe5 Qxf2+ 16. Kh1 Bxe5 17. Ra2 Qf6 18. Rae2 dxc4 19. Rxe5 cxb3 20. Bg5 Qg7 21.
R5e2 Nf5 22. Bc1 Bd7 23. Bb2 Qf7 24. Qxb3 Ng7 25. Nd2 Bc6 26. Qc3 Bd5 27. Rf2
Qd7 28. Ref1 Rxf2 29. Rxf2 Rc8 30. Qf6 Re8 31. Qe5 Qe7 32. Nf3 Rf8 33. h3 Rf5
34. Qb8+ Qf8 35. Qxa7 Bxf3 36. gxf3 Rf7 37. Qd4 Qe7 38. Qe5 Qd7 39. Kg2 Qd5 40.
Qc3 Qg5+ 41. Kh2 Qf4+ 42. Kg2 Rc7 43. Qe5 Qxe5 44. Bxe5 Rc5 45. f4 Nf5 46. Rb2
b5 47. Kf3 Kf7 48. Rb4 Ke7 49. a4 bxa4 50. Rxa4 Rd5 51. Ra7+ Rd7 52. Ra8 Rd3+
53. Kg2 Nh4+ 54. Kh2 Nf3+ 55. Kg2 Nxe5 56. fxe5 Rd5 57. Ra7+ Rd7 58. Ra5 h5 59.
Kg3 Kf7 60. Kf3 Kg7 61. Ra6 Rf7+ 62. Ke4 Re7 63. Kf4 Kh6 64. h4 Kg7 65. Rb6 Re8
66. Rb7+ Kh6 67. Rb6 Re7 68. Ra6 1-0

[Event "KreisEM Mfr. Mitte"]
[Site "Nürnberg"]
[Date "2018.01.07"]
[Round "6.2"]
[White "Dippel, Jörg"]
[Black "Mantel, Ruben"]
[Result "1/2-1/2"]
[WhiteElo "1805"]
[BlackElo "2013"]
[PlyCount "46"]
[EventDate "2018.??.??"]
[WhiteTeam "SC Anderssen"]
[BlackTeam "SC Noris-Tarrasch Nürnberg"]

1. e4 c5 2. Nc3 Nc6 3. f4 e6 4. Nf3 d5 5. Bb5 Nf6 6. Bxc6+ bxc6 7. d3 Ba6 8. e5
Nd7 9. O-O c4 10. Re1 Bb4 11. d4 O-O 12. Be3 Rb8 13. Bd2 Be7 14. Rb1 Nb6 15.
Qe2 Qc8 16. Qf2 Bb5 17. Nxb5 cxb5 18. c3 a5 19. g4 b4 20. Kg2 Na4 21. Rh1 bxc3
22. Bxc3 Bb4 23. Qc2 Nxc3 1/2-1/2

[Event "KreisEM Mfr. Mitte"]
[Site "Nürnberg"]
[Date "2018.01.07"]
[Round "6.3"]
[White "Rummel, Gerald"]
[Black "Meulner, Klaus"]
[Result "0-1"]
[WhiteElo "1776"]
[BlackElo "2128"]
[PlyCount "46"]
[EventDate "2018.??.??"]
[WhiteTeam "SC Anderssen"]
[BlackTeam "SW Nürnberg Süd"]

1. Nf3 g6 2. g3 Bg7 3. Bg2 d5 4. d4 c5 5. c4 cxd4 6. cxd5 Qxd5 7. Nc3 Qd8 8.
Ne4 Nc6 9. O-O Nh6 10. Qa4 Nf5 11. Rd1 O-O 12. e3 Qe8 13. g4 Nd6 14. Nxd6 exd6
15. exd4 Bxg4 16. Be3 Bxf3 17. Bxf3 Ne5 18. Qxe8 Nxf3+ 19. Kg2 Nh4+ 20. Kh3
Rfxe8 21. Kxh4 Rac8 22. Rac1 Rxc1 23. Rxc1 Bxd4 0-1

[Event "KreisEM Mfr. Mitte"]
[Site "Nürnberg"]
[Date "2018.01.07"]
[Round "6.4"]
[White "Leis, Stefan"]
[Black "Diebel, Günter"]
[Result "1-0"]
[WhiteElo "1967"]
[BlackElo "1786"]
[PlyCount "89"]
[EventDate "2018.??.??"]
[WhiteTeam "SC Mühlhof-Reichelsdorf"]
[BlackTeam "SW Nürnberg Süd"]

1. d4 e6 2. Nf3 d5 3. g3 Nc6 4. Bg2 Bd7 5. O-O Nge7 6. Nc3 Nf5 7. e4 dxe4 8.
Nxe4 h5 9. d5 exd5 10. Neg5 f6 11. Re1+ Be7 12. Bf4 fxg5 13. Nxg5 Kf8 14. h4 d4
15. Qd3 g6 16. Qc4 Bxg5 17. Bxg5 Nce7 18. Rxe7 Nxe7 19. Re1 Rh7 20. Qxd4 Bc6
21. Qf6+ Kg8 22. Bxc6 bxc6 23. Qe6+ Kf8 24. Qf6+ Kg8 25. Qe6+ Kf8 26. Bh6+ Rxh6
27. Qf6+ Ke8 28. Qg7 Qd6 29. Qxh6 Kd7 30. Qg7 Re8 31. Re3 Kc8 32. Qf7 Kd8 33.
Rd3 Nd5 34. c4 Rf8 35. Qg7 Qc5 36. Rd4 Re8 37. cxd5 cxd5 38. Qf6+ Kc8 39. Kg2
c6 40. Rd3 Rf8 41. Qe6+ Kc7 42. Qe2 d4 43. Qe4 Qf5 44. Qxd4 g5 45. Qd6+ 1-0

[Event "KreisEM Mfr. Mitte"]
[Site "Nürnberg"]
[Date "2018.01.07"]
[Round "6.5"]
[White "Paul, Arthur"]
[Black "Wagner, Alexander"]
[Result "1-0"]
[WhiteElo "1432"]
[BlackElo "1695"]
[PlyCount "69"]
[EventDate "2018.??.??"]
[WhiteTeam "SW Nürnberg Süd"]
[BlackTeam "SW Nürnberg Süd"]

1. e4 e5 2. Nf3 Nc6 3. Bb5 d6 4. c3 Bd7 5. O-O a6 6. Ba4 b5 7. Bc2 Bg4 8. h3
Bh5 9. d3 Nf6 10. Nbd2 Nd7 11. Re1 Be7 12. Nf1 O-O 13. Ng3 Bg6 14. Nh2 Bh4 15.
Qg4 Bxg3 16. Qxg3 f5 17. exf5 Bxf5 18. Ng4 Bg6 19. Bb3+ Kh8 20. Bd5 Ndb8 21. h4
a5 22. Bg5 Qd7 23. d4 exd4 24. Be6 Qe8 25. cxd4 Ra7 26. Rad1 h6 27. Bb3 Qc8 28.
Be3 a4 29. Be6 Qxe6 30. d5 Qf5 31. dxc6 Ra6 32. Bd4 Kh7 33. Re7 Rf7 34. Ne3 Qh5
35. Rxf7 1-0

[Event "KreisEM Mfr. Mitte"]
[Site "Nürnberg"]
[Date "2018.01.07"]
[Round "6.6"]
[White "Ehmer, Marty"]
[Black "Rhein, Thomas"]
[Result "0-1"]
[WhiteElo "1637"]
[BlackElo "1830"]
[PlyCount "86"]
[EventDate "2018.??.??"]
[WhiteTeam "SW Nürnberg Süd"]
[BlackTeam "SW Nürnberg Süd"]

1. e4 c6 2. Nc3 d5 3. exd5 cxd5 4. d4 Nf6 5. Bf4 a6 6. Nf3 Bg4 7. Be2 e6 8. O-O
Be7 9. h3 Bh5 10. Ne5 Bxe2 11. Nxe2 O-O 12. c3 Nbd7 13. Ng3 Rc8 14. Nh5 Nxh5
15. Qxh5 Nf6 16. Qe2 Ne8 17. Rfe1 Nd6 18. Rac1 b5 19. a3 Nc4 20. Nxc4 bxc4 21.
Rb1 a5 22. Qc2 Qd7 23. Re2 a4 24. f3 Ra8 25. g4 Ra6 26. Kg2 Rb6 27. Rbe1 Rb3
28. Rh1 Bd6 29. Qd2 Rfb8 30. Rb1 Rxa3 31. Bxd6 Qxd6 32. Qc1 Rab3 33. Ra1 Qc6
34. Ra2 Ra8 35. Ra3 Rxa3 36. bxa3 Rb8 37. Rb2 Rb3 38. Ra2 Qb7 39. h4 Rb1 40.
Qd2 Qb3 41. Kh2 h6 42. h5 Rd1 43. Qb2 Rd3 0-1

[Event "KreisEM Mfr. Mitte"]
[Site "Nürnberg"]
[Date "2018.01.07"]
[Round "6.7"]
[White "Rausch, Wolfgang sr"]
[Black "Müller, Ludwig"]
[Result "1-0"]
[WhiteElo "1880"]
[BlackElo "1781"]
[PlyCount "103"]
[EventDate "2018.??.??"]
[WhiteTeam "SW Nürnberg Süd"]
[BlackTeam "SGem Nürnberg"]

1. Nf3 Nf6 2. c4 c5 3. Nc3 Nc6 4. d4 cxd4 5. Nxd4 e6 6. g3 Bb4 7. Bg2 O-O 8.
O-O Bxc3 9. bxc3 h6 10. Ba3 Nxd4 11. cxd4 Re8 12. Bd6 a6 13. e4 Ra7 14. e5 Nh7
15. Qb3 b6 16. Bb8 Rb7 17. Bxb7 Bxb7 18. Ba7 b5 19. cxb5 Bd5 20. Qc3 axb5 21.
f3 Qa8 22. Bc5 f5 23. h4 Rc8 24. Kf2 Qa4 25. Rfb1 Qc4 26. Qxc4 Bxc4 27. Rb4 Ra8
28. a4 Bd3 29. Ke3 Bc2 30. a5 Ba4 31. Bb6 Nf8 32. Rc1 Kf7 33. Rbb1 Ng6 34. Rc7
Ke8 35. Rbc1 Ne7 36. Kd2 Nc6 37. Ke3 b4 38. g4 fxg4 39. fxg4 b3 40. Kd2 Ke7 41.
Kc3 Nxa5 42. Bxa5 Rxa5 43. Ra1 Ra8 44. Kb4 Bc6 45. Rxa8 Bxa8 46. Kxb3 Bf3 47.
g5 h5 48. Kc4 g6 49. Kc5 Be4 50. Rc8 Bc6 51. Rxc6 dxc6 52. Kxc6 1-0

[Event "KreisEM Mfr. Mitte"]
[Site "Nürnberg"]
[Date "2018.01.07"]
[Round "6.8"]
[White "Merdian, Nick"]
[Black "Pörzgen, Michael"]
[Result "1/2-1/2"]
[WhiteElo "1296"]
[BlackElo "1729"]
[PlyCount "54"]
[EventDate "2018.??.??"]
[WhiteTeam "SC Postbauer-Heng"]
[BlackTeam "SW Nürnberg Süd"]

1. d4 Nf6 2. c4 e6 3. Nc3 Bb4 4. Bd2 O-O 5. a3 Bxc3 6. Bxc3 d5 7. e3 b6 8. Bd3
dxc4 9. Bxc4 Ba6 10. Bxa6 Nxa6 11. Qd3 Nc5 12. Qb5 Nce4 13. f3 Nxc3 14. bxc3 c6
15. Qd3 c5 16. Ne2 cxd4 17. cxd4 Qe7 18. O-O Rfd8 19. Rfd1 Rac8 20. Rac1 Qb7
21. Rxc8 Rxc8 22. Rc1 Rxc1+ 23. Nxc1 Nd5 24. Ne2 a6 25. Nc3 b5 26. Nxd5 Qxd5
27. Qc3 Qb7 1/2-1/2

[Event "KreisEM Mfr. Mitte"]
[Site "Nürnberg"]
[Date "2018.01.07"]
[Round "6.9"]
[White "Meyer, Robert"]
[Black "Duong, Ba Duc"]
[Result "1-0"]
[WhiteElo "1729"]
[BlackElo "1559"]
[PlyCount "139"]
[EventDate "2018.??.??"]
[WhiteTeam "SC Stein"]
[BlackTeam "SK Nürnberg"]

1. Nf3 d5 2. d4 Bf5 3. e3 Nf6 4. c4 c6 5. Nc3 e6 6. Bd3 Bg6 7. O-O Nbd7 8. Bxg6
hxg6 9. c5 Qc7 10. h3 e5 11. Nxe5 Nxe5 12. dxe5 Qxe5 13. Qd4 Nd7 14. Qxe5+ Nxe5
15. e4 d4 16. Na4 Rd8 17. Rd1 Be7 18. Bf4 Bf6 19. Bxe5 Bxe5 20. Rd3 Ke7 21. Rf1
g5 22. b3 Rh4 23. g4 Rdh8 24. Kg2 Ke6 25. Nb2 Rd8 26. Nc4 Rh6 27. Nd2 f6 28.
Nf3 Rd7 29. Rfd1 g6 30. Nxd4+ Bxd4 31. Rxd4 Rdh7 32. Rd6+ Ke5 33. R1d3 Rh4 34.
Rd8 Re7 35. R8d7 Rhh7 36. Rxe7+ Rxe7 37. Kg3 Rf7 38. f3 Rh7 39. Rd8 Rg7 40. b4
a6 41. Rd6 Rh7 42. a3 Rf7 43. Rd8 Rg7 44. Kf2 Rh7 45. Ke3 Ke6 46. Re8+ Kf7 47.
Rb8 Ke6 48. Rg8 Kf7 49. Rb8 Ke6 50. Kd4 Rd7+ 51. Ke3 Rh7 52. a4 Rd7 53. Rh8 Re7
54. h4 gxh4 55. Rxh4 Rg7 56. Rh8 g5 57. Rb8 Rf7 58. f4 gxf4+ 59. Kxf4 Rg7 60.
Re8+ Kd7 61. Rf8 Ke6 62. Rd8 Ke7 63. Rd6 Rf7 64. Kf5 Rg7 65. Re6+ Kd7 66. Rxf6
Ke7 67. g5 Rg8 68. g6 Rg7 69. e5 Ke8 70. e6 1-0

[Event "KreisEM Mfr. Mitte"]
[Site "Nürnberg"]
[Date "2018.01.07"]
[Round "6.10"]
[White "Klinger, Klaus"]
[Black "Babichev, Vyacheslav"]
[Result "0-1"]
[WhiteElo "1411"]
[BlackElo "1831"]
[PlyCount "132"]
[EventDate "2018.??.??"]
[WhiteTeam "Zabo-Eintracht Nürnberg"]
[BlackTeam "SW Nürnberg Süd"]

1. d4 g6 2. Nf3 Bg7 3. Bf4 d6 4. h3 Nf6 5. e3 Nh5 6. Bh2 c5 7. c3 O-O 8. Bd3
Nd7 9. Nbd2 b6 10. Be4 Rb8 11. O-O Ba6 12. Re1 f5 13. Bd5+ Kh8 14. Ng5 Qe8 15.
Qb3 h6 16. Ne6 Rf6 17. Nc7 Qc8 18. Ne6 Nf8 19. Nxg7 Nxg7 20. f4 e6 21. Bf3 Nd7
22. e4 c4 23. Qa3 Ne8 24. exf5 exf5 25. Re7 Ng7 26. Rae1 b5 27. Bg3 Rf8 28.
Qxd6 Nf6 29. Bh4 Rb6 30. Qb4 Qb8 31. R1e5 Rg8 32. Bxf6 Rxf6 33. Qc5 Rb6 34. Rd7
Bc8 35. Rc7 Ne6 36. Rxe6 Rxe6 37. d5 Re1+ 38. Kf2 Rge8 39. Qd4+ R8e5 40. d6 Qb6
41. Rc5 Qxc5 42. fxe5 Qxe5 43. Qxe5+ Rxe5 44. Bc6 Rc5 45. d7 Bxd7 46. Bxd7 Rd5
47. Bxb5 Rxd2+ 48. Kf3 Rxb2 49. Bxc4 Rc2 50. Bb3 Rxc3+ 51. Kf4 a5 52. Ke5 Kg7
53. Kd4 Rg3 54. Bd5 Ra3 55. Kc5 Rd3 56. a4 Kf6 57. Bc4 Rc3 58. Kb5 Ke5 59. Bf7
Rg3 60. Kxa5 Rxg2 61. Kb6 f4 62. a5 f3 63. Bc4 Rb2+ 64. Ka7 Kd6 65. a6 f2 66.
Bf1 Kc7 0-1

[Event "KreisEM Mfr. Mitte"]
[Site "Nürnberg"]
[Date "2018.01.07"]
[Round "6.11"]
[White "Bauer, Karlheinz"]
[Black "Wettermann, Bernd"]
[Result "1-0"]
[WhiteElo "2120"]
[BlackElo "1761"]
[PlyCount "71"]
[EventDate "2018.??.??"]
[WhiteTeam "SC Noris-Tarrasch Nürnberg"]
[BlackTeam "Zabo-Eintracht Nürnberg"]

1. e4 e5 2. Nf3 Nc6 3. Bb5 a6 4. Ba4 Nf6 5. O-O b5 6. Bb3 Be7 7. Qe2 d6 8. Rd1
O-O 9. c3 Bg4 10. h3 Bxf3 11. Qxf3 Na5 12. Bc2 c5 13. d3 Qc7 14. Nd2 Rad8 15.
Nf1 d5 16. Re1 d4 17. Ng3 Rfe8 18. Nf5 Bf8 19. Bg5 Re6 20. Rac1 Rc8 21. g4 Ne8
22. Bd2 g6 23. Nh6+ Kg7 24. g5 c4 25. cxd4 b4 26. d5 c3 27. bxc3 bxc3 28. Bxc3
Rf6 29. gxf6+ Kxh6 30. Ba4 Qd6 31. Bd2+ g5 32. Rxc8 Nxf6 33. Rxf8 Kg7 34. Bxg5
Qxf8 35. Qxf6+ Kg8 36. Bh6 1-0

[Event "KreisEM Mfr. Mitte"]
[Site "Nürnberg"]
[Date "2018.01.07"]
[Round "6.12"]
[White "Dyroff, Roland"]
[Black "Belich, Max"]
[Result "1-0"]
[WhiteElo "1814"]
[BlackElo "1575"]
[PlyCount "120"]
[EventDate "2018.??.??"]
[WhiteTeam "SW Nürnberg Süd"]
[BlackTeam "SW Nürnberg Süd"]

1. e4 c5 2. Nf3 Nc6 3. Nc3 a6 4. a4 e6 5. Bc4 Nge7 6. e5 Ng6 7. O-O Ncxe5 8. d3
d5 9. Nxe5 dxc4 10. Nxc4 Bd6 11. Nxd6+ Qxd6 12. Be3 b6 13. a5 Bb7 14. Qh5 O-O
15. axb6 f5 16. f3 Rac8 17. Na4 Nf4 18. Qh4 Nd5 19. Bd2 Nxb6 20. Bc3 Nd5 21.
Qg3 Qxg3 22. hxg3 Nxc3 23. bxc3 c4 24. Nb6 Rc7 25. Nxc4 Bd5 26. Rxa6 Bxc4 27.
dxc4 Kf7 28. Re1 Re8 29. Ra4 Rec8 30. Rd1 Rxc4 31. Rxc4 Rxc4 32. Rd3 Kf6 33.
Kf2 Ke5 34. f4+ Kf6 35. Ke2 h6 36. Rf3 g5 37. Kd3 Rc5 38. c4 Ke7 39. Kd4 Ra5
40. c5 Ra4+ 41. Ke3 Ra3+ 42. Kd4 Ra4+ 43. c4 Ra2 44. Rb3 Rxg2 45. Rb7+ Kd8 46.
c6 Rd2+ 47. Kc5 Kc8 48. Rh7 gxf4 49. gxf4 Rh2 50. Kd6 Rb2 51. Kxe6 Rc2 52. Rxh6
Rxc4 53. Kxf5 Rc5+ 54. Kg4 Rc1 55. Re6 Rg1+ 56. Kf5 Kc7 57. Kf6 Rh1 58. f5 Kd8
59. Kg7 Rg1+ 60. Rg6 Ra1 1-0

[Event "KreisEM Mfr. Mitte"]
[Site "Nürnberg"]
[Date "2018.01.07"]
[Round "6.13"]
[White "Weißmann, Peter"]
[Black "Süß, Helmut"]
[Result "1/2-1/2"]
[WhiteElo "1731"]
[BlackElo "1912"]
[PlyCount "35"]
[EventDate "2018.??.??"]
[WhiteTeam "SK Zirndorf"]
[BlackTeam "SC Noris-Tarrasch Nürnberg"]

1. e4 c6 2. d4 d5 3. e5 Bf5 4. Ne2 e6 5. Ng3 Bg6 6. Bd3 Bxd3 7. Qxd3 Qb6 8. O-O
Nd7 9. f4 g6 10. Qb3 c5 11. c3 c4 12. Qa4 Qc6 13. Qxc6 bxc6 14. b3 Nb6 15. Be3
Ne7 16. Nd2 Nf5 17. Nxf5 gxf5 18. bxc4 1/2-1/2

[Event "KreisEM Mfr. Mitte"]
[Site "Nürnberg"]
[Date "2018.01.07"]
[Round "6.14"]
[White "Hahn, Thomas"]
[Black "Dreiseitel, Werner"]
[Result "1-0"]
[WhiteElo "1674"]
[BlackElo "1571"]
[PlyCount "73"]
[EventDate "2018.??.??"]
[WhiteTeam "Zabo-Eintracht Nürnberg"]
[BlackTeam "SW Nürnberg Süd"]

1. e4 d5 2. exd5 Qxd5 3. Nc3 Qa5 4. d4 c6 5. Bd2 Qc7 6. Nf3 Bg4 7. Be2 Nf6 8.
Ne5 Bf5 9. O-O e6 10. h4 Nbd7 11. g4 Nxe5 12. dxe5 Qxe5 13. gxf5 Bd6 14. f4
Bc5+ 15. Kh1 Qxf5 16. Rf3 O-O-O 17. Rg3 Bf2 18. Bd3 Qc5 19. Rh3 Rd4 20. Qf3 Rd7
21. Be3 Bxe3 22. Qxe3 Qa5 23. Rg1 g6 24. Rg5 Qb6 25. Qxb6 axb6 26. Rg1 Rd4 27.
Rf1 Rhd8 28. Re3 h5 29. Ref3 Kc7 30. Rd1 Nd5 31. Nxd5+ R8xd5 32. c3 Ra4 33. Bc2
Rxd1+ 34. Bxd1 Rxa2 35. Rf2 Ra1 36. Rd2 Ra4 $4 37. Bxa4 1-0

[Event "KreisEM Mfr. Mitte"]
[Site "Nürnberg"]
[Date "2018.01.07"]
[Round "6.15"]
[White "Dietrich, Thomas"]
[Black "Mantel, Hubert"]
[Result "1/2-1/2"]
[WhiteElo "1596"]
[BlackElo "1744"]
[PlyCount "25"]
[EventDate "2018.??.??"]
[WhiteTeam "SC Anderssen"]
[BlackTeam "SC Noris-Tarrasch Nürnberg"]

1. e4 e6 2. d4 d5 3. exd5 exd5 4. Nf3 Bd6 5. c4 c6 6. Nc3 Be6 7. cxd5 cxd5 8.
Bb5+ Nc6 9. Qe2 Nge7 10. Ng5 Qc8 11. O-O O-O 12. Nxe6 Qxe6 13. Qxe6 1/2-1/2

[Event "KreisEM Mfr. Mitte"]
[Site "Nürnberg"]
[Date "2018.01.07"]
[Round "6.18"]
[White "Majid, Hakim"]
[Black "Albayrak, Aylin"]
[Result "0-1"]
[WhiteElo "1314"]
[BlackElo "1682"]
[PlyCount "74"]
[EventDate "2018.??.??"]
[WhiteTeam "SW Nürnberg Süd"]
[BlackTeam "Zabo-Eintracht Nürnberg"]

1. d3 d5 2. Nf3 Nc6 3. g3 e5 4. Bg2 Nf6 5. O-O Bc5 6. c3 Bb6 7. Bg5 h6 8. Bc1
Bf5 9. Nh4 Bg4 10. Bf3 Bh3 11. Ng2 e4 12. Re1 exf3 13. exf3+ Be6 14. Nf4 Qd7
15. b4 O-O-O 16. d4 g5 17. Nxe6 fxe6 18. a4 a6 19. b5 axb5 20. axb5 Na7 21. Qb3
Qxb5 22. Qxb5 Nxb5 23. Rxe6 Rhf8 24. Ba3 Nxa3 25. Nxa3 Kd7 26. Rae1 Rde8 27.
R6e5 c5 28. Nc2 Kd6 29. dxc5+ Bxc5 30. Rxe8 Rxe8 31. Rd1 Re2 32. Nd4 Bxd4 33.
cxd4 Rb2 34. h4 g4 35. Kg2 gxf3+ 36. Kxf3 Ne4 37. Rf1 Nd2+ 0-1

[Event "KreisEM Mfr. Mitte"]
[Site "Nürnberg"]
[Date "2018.01.07"]
[Round "6.19"]
[White "Dreiseitel, Ursula"]
[Black "Nüßlein, Christian"]
[Result "0-1"]
[WhiteElo "1457"]
[BlackElo "1929"]
[PlyCount "70"]
[EventDate "2018.??.??"]
[WhiteTeam "SW Nürnberg Süd"]
[BlackTeam "SGem Nürnberg"]

1. d4 Nf6 2. Nf3 g6 3. Bf4 d6 4. e3 Bg7 5. Nbd2 Nbd7 6. c3 O-O 7. Be2 c5 8. O-O
Nh5 9. Bg3 Nxg3 10. hxg3 e5 11. dxe5 Nxe5 12. Nc4 Nxc4 13. Bxc4 Qf6 14. Bd5 Rb8
15. Qc2 b5 16. a3 Be6 17. Rad1 Rfd8 18. Rd2 a5 19. b4 Qxc3 20. Qxc3 Bxc3 21.
Rd3 cxb4 22. axb4 Bxb4 23. Rb1 Rb6 24. e4 Rc8 25. Nd4 Bxd5 26. exd5 Rc4 27. Kf1
Rc5 28. Nb3 Rc2 29. Re3 Kf8 30. Nd4 Rd2 31. Nc6 Bc5 32. Re2 Rxe2 33. Kxe2 a4
34. Nb4 Bxb4 35. Rxb4 a3 0-1

[Event "KreisEM Mfr. Mitte"]
[Site "Nürnberg"]
[Date "2018.01.07"]
[Round "6.20"]
[White "Scheitler, Wolfgang"]
[Black "Albayrak, Nese Pinar"]
[Result "1/2-1/2"]
[WhiteElo "1504"]
[BlackElo "1370"]
[PlyCount "56"]
[EventDate "2018.??.??"]
[WhiteTeam "SW Nürnberg Süd"]
[BlackTeam "Zabo-Eintracht Nürnberg"]

1. d4 d5 2. Bf4 Nf6 3. e3 c6 4. Nd2 Bf5 5. c4 e6 6. Ngf3 Nbd7 7. Qb3 Qb6 8. c5
Qxb3 9. axb3 Be7 10. b4 O-O 11. Be2 Nh5 12. Bg3 Nxg3 13. hxg3 f6 14. Nh4 Bc2
15. f4 e5 16. O-O b6 17. Rfc1 Bg6 18. Nxg6 hxg6 19. Kf2 e4 20. g4 b5 21. Nb3 g5
22. g3 g6 23. Na5 Rac8 24. Rh1 Kg7 25. Rh2 Rh8 26. Rah1 Rxh2+ 27. Rxh2 Nb8 28.
Kg2 Na6 1/2-1/2

[Event "KreisEM Mfr. Mitte"]
[Site "Nürnberg"]
[Date "2018.01.07"]
[Round "6.21"]
[White "Hutzler, Udo"]
[Black "Lingl, Peter"]
[Result "0-1"]
[WhiteElo "1366"]
[BlackElo "1654"]
[PlyCount "100"]
[EventDate "2018.??.??"]
[WhiteTeam "SK Nürnberg"]
[BlackTeam "SC JÄKLECHEMIE"]

1. d4 c5 2. d5 e5 3. dxe6 fxe6 4. c4 Nf6 5. Nc3 b6 6. Bg5 Bb7 7. Qc2 Be7 8. e4
O-O 9. Bd3 h6 10. Bh4 Nc6 11. Nge2 Ne5 12. O-O-O Nfg4 13. Bg3 Nxd3+ 14. Qxd3
Bc6 15. f4 Bh4 16. h3 Bxg3 17. Qxg3 Nf6 18. Qg6 Qe8 19. Qxe8 Raxe8 20. Ng3 Rd8
21. Rhf1 a6 22. Rd2 b5 23. cxb5 axb5 24. a3 Ra8 25. e5 Nd5 26. Nxd5 exd5 27.
Ne2 b4 28. Rd3 Bb5 29. Rxd5 Bxe2 30. Rf2 Bb5 31. axb4 Bc6 32. Rxc5 Rfc8 33.
Rfc2 Rcb8 34. R5c4 Bd5 35. Rd4 Be6 36. Rc3 Ra1+ 37. Kd2 Ra2 38. Kc1 Ra1+ 39.
Kd2 Rf1 40. Ke2 Rb1 41. Rc2 Bf5 42. Rcd2 Rc8 43. g4 Be6 44. f5 Bf7 45. Kf2 Bc4
46. e6 Rf1+ 47. Kg2 Rc1 48. Kg3 dxe6 49. fxe6 Re1 50. Rd8+ Kh7 {Rest
unleserlich} 0-1

[Event "KreisEM Mfr. Mitte"]
[Site "Nürnberg"]
[Date "2018.01.07"]
[Round "6.22"]
[White "Barnowski, Roman"]
[Black "Hauck, Martin"]
[Result "1-0"]
[WhiteElo "1399"]
[BlackElo "1440"]
[PlyCount "64"]
[EventDate "2018.??.??"]
[WhiteTeam "SW Nürnberg Süd"]
[BlackTeam "SC Noris-Tarrasch Nürnberg"]

1. Nf3 Nc6 2. c4 e5 3. Nc3 Nf6 4. d4 exd4 5. Nb5 Bc5 6. Nbxd4 Nxd4 7. Nxd4 O-O
8. Nb3 Be7 9. e3 c5 10. Bd3 b6 11. O-O d5 12. Qc2 Bb7 13. Nd2 Qc7 14. f3 Rfe8
15. cxd5 Bd6 16. g3 Re5 17. Ne4 Nxe4 18. Bxe4 Rh5 19. Rf2 Re8 20. Bd2 Ree5 21.
Bc3 Reg5 22. f4 Rxd5 23. Bxd5 Rxd5 24. e4 Rh5 25. Qe2 g6 26. Rd1 Qc6 27. Qf3 f6
28. e5 Bc7 29. Qxc6 Bxc6 30. b3 g5 31. Re1 gxf4 32. Rxf4 Kf7 {Rest unleserlich}
1-0